Olympique de Marseille - Tous les joueurs (2020-) - Statistiques

Statistiques générales
  • Ce quiz a été pris 953 fois
    637 depuis la dernière actualisation
  • Le résultat moyen est 40 sur 76
Statistiques - réponses
Saisons Nationalité Joueur Nb de matchs % Correct
2020- Argentine Leonardo Balerdi 98
94%
2021- Espagne Pau Lopez 92
93%
2021- Maroc Amine Harit 60
89%
2022- RD Congo Chancel Mbemba 58
89%
2020- France Valentin Rongier 104
89%
2020-2023 France Dimitri Payet 88
88%
2023- Gabon Pierre-Emerick Aubameyang 31
87%
2021-2023 Turquie Cengiz Ünder 69
83%
2022-2023 Chili Alexis Sanchez 35
82%
2020-2022 France Steve Mandanda 46
82%
2020-2021 Japon Hiroki Sakai 29
81%
2020-2021 Sénégal Bouna Sarr 2
80%
2023- Sénégal Ismaïla Sarr 21
80%
2022- France Jordan Veretout 64
80%
2020-2021 France Maxime Lopez 4
80%
2020-2022, 2023- Brésil Luis Henrique 51
78%
2020-2023 Croatie Duje Caleta-Car 60
77%
2023- Centrafrique Geoffrey Kondogbia 23
77%
2020-2021 France Florian Thauvin 36
76%
2022- Maroc Azzedine Ounahi 28
75%
2023- Panama Michael Murillo 13
75%
2020- Sénégal Pape Gueye 86
72%
2020-2023 Pologne Arkadiusz Milik 40
68%
2021-2024 France Matteo Guendouzi 73
68%
2021-2023 Bosnie-Herzégovine Sead Kolasinac 47
68%
2022- France Jonathan Clauss 59
67%
2023- Sénégal Iliman Ndiaye 28
65%
2022- Espagne Ruben Blanco 8
65%
2021-2022 Etats-Unis Konrad de la Fuente 16
64%
2020-2022 Espagne Pol Lirola 53
64%
2023- Suisse Ulisses Garcia 11
63%
2021-2023 Brésil Gerson 45
59%
2022- France Samuel Gigot 46
59%
2022-2024 Portugal Vitinha 32
59%
2020-2021 Japon Yuto Nagatomo 25
59%
2023- France Quentin Merlin 8
55%
2020-2022 France Boubacar Kamara 69
53%
2020-2022 Argentine Dario Benedetto 34
53%
2020-2021 France Valère Germain 24
50%
2021-2022 France William Saliba 36
49%
2022-2023 Burkina Faso Issa Kaboré 28
48%
2020-2021 Pays-Bas Kevin Strootman 11
48%
2020-2022 Serbie Nemanja Radonjic 13
48%
2022-2023 Portugal Nuno Tavares 31
48%
2020-2023 Sénégal Bamba Dieng 40
47%
2023- Côte d'Ivoire Bamo Méïté 14
47%
2023- Cameroun Faris Moumbagna 10
46%
2023- Maroc Bilal Nadir 5
44%
2022-2023 Colombie Luis Suarez 7
41%
2023- Argentine Joaquin Correa 12
40%
2020-2022 France Jordan Amavi 15
40%
2020-2021 France Morgan Sanson 12
39%
2020-2022 Espagne Alvaro Gonzalez 38
38%
2021-2022 Brésil Luan Peres 34
38%
2020-2021 Tunisie Saîf-Eddine Khaoui 17
38%
2021-2023 RD Congo Cédric Bakambu 15
37%
2023- Angleterre Emran Soglo 3
37%
2023-2024 Brésil Renan Lodi 14
37%
2023- Cameroun Jean Onana 11
34%
2022-2023 Ukraine Ruslan Malinovskiy 20
34%
2022-2023 Côte d'Ivoire Eric Bailly 17
33%
2020-2021 France Yohann Pelé 1
31%
2020-2021 France Michaël Cuisance 23
28%
2022-2024 Cameroun François-Régis Mughe 6
27%
2023- Comores Raimane Daou 1
23%
2020-2021 Cameroun Olivier Ntcham 4
20%
2022-2023 France Isaak Touré 5
19%
2023- France Keyliane Abdallah 1
18%
2022-2023 France Salim Ben Seghir 2
18%
2020-2021 France Marley Aké 9
11%
2021-2022 Maroc Oussama Targhalline 2
11%
2020-2021 France Lucas Perrin 7
9%
2023- Belgique Noam Mayoka-Tika 1
7%
2023- France Sofiane Sidi-Ali 1
7%
2020-2021 France Cheick Souaré 1
5%
2020-2021 France Christopher Rocchia 2
4%
Aucun quiz correspondant
Distribution des résultats
% des personnes avec chaque résultat
Percentile par nombre de réponses
Votre historique - résultats
Vous n’avez pas pris ce quiz depuis la dernière actualisation